00616nam a2200157Ia 4500008004100000020001800041082002100059100002700080245012100107250001000228260004800238300001100286650003700297952010700334999001700441120622s9999 xx 000 0 und d a968-401-466-X a345.02 I71d 2002 aIrureta Goyena, José aDelitos de : apropiación indebida, daño, usurpación, lesiones personales, infanticidio / José Irureta Goyena a3a ed aMéxico : Cárdenas Editor y Distribuidor a360 p. a1. DERECHO PENAL \ 2. DELITOSÌ 00104070a01b01d2007-01-25l3o345.02 I71D 2002p01 010030r2016-10-17s2016-10-17w2012-06-24yLB c59904d59904